My Life's Journey: (Record no. 211953)

MARC details
000 -LEADER
fixed length control field 00533nam a22001817a 4500
005 - DATE AND TIME OF LATEST TRANSACTION
control field 20250625153806.0
010 ## - LCCN (DPL NO)
LC control number ENG-145557
020 ## - INTERNATIONAL STANDARD BOOK NUMBER
International Standard Book Number 9788197734496
Terms of availability 950.00
035 ## - SYSTEM CONTROL NUMBER
System control number EN-129089
037 ## - SOURCE OF ACQUISITION
Source of stock number/acquisition DBAD
082 ## - DEWEY DECIMAL CLASSIFICATION NUMBER
Classification number 921
100 ## - MAIN ENTRY--PERSONAL NAME
Personal name Saboo, Rajendra K.
245 ## - TITLE STATEMENT
Title My Life's Journey:
Remainder of title A Personnal Memoir/
Statement of responsibility, etc Rajendra K. Saboo
260 ## - PUBLICATION, DISTRIBUTION, ETC. (IMPRINT)
Place of publication, distribution, etc Kolkata
Name of publisher, distributor, etc Alpha Beta Gamma
Date of publication, distribution, etc 2024
270 ## - ADDRESS
Address 150 Bacharpara Road (2)
City Kolkata
Postal code 700063
300 ## - PHYSICAL DESCRIPTION
Extent xv, 470p.
Dimensions 24cm(hb)
942 ## - ADDED ENTRY ELEMENTS (KOHA)
Source of classification or shelving scheme Dewey Decimal Classification
Item type English Books
Call number suffix SAB
Classification part 921
Holdings
Withdrawn status Lost status Not for loan Collection code Home library Current library Date acquired Source of acquisition Cost, normal purchase price Full call number Barcode Copy number Cost, replacement price Koha item type
      Non-fiction Mobile Library Mobile Library 25/06/2025 Delivery of Books Act Division 950.00 SAB 921 EN-129089 1 950.00 English Books

© Delhi Public Library
Hit Counter
free hit counter